| 000 | 00664cab a2200241 4500 | ||
|---|---|---|---|
| 001 | ABS46166 | ||
| 008 | 090401t1992 xxu||||| |||| 00| 0 eng d | ||
| 035 | _a(Sirsi) u57035 | ||
| 041 | _aeng | ||
| 100 | _aWigan, M. | ||
| 245 | _aGreen and sensitive land | ||
| 260 | _c1992 | ||
| 350 | _a0 | ||
| 490 |
_aField _v274(7054) April 1992, 78-81(3) |
||
| 520 | _aDiscusses how Environmentally Sensitive Areas can help farmers to take an interest in conservation, | ||
| 650 | _aARCHAEOLOGICAL SITES | ||
| 650 | _aENVIRONMENTALLY SENSITIVE AREAS | ||
| 650 | _aFARMING | ||
| 650 | _aGRANTS | ||
| 690 | _aRURAL PRACTICE | ||
| 942 | _n0 | ||
| 948 | _c04/03/1997 | ||
| 999 |
_c34777 _d34777 |
||